<Die> Wirtschaft der Entwicklungsländer in Zahlen Statistisches Lehrmaterial

Gespeichert in:
Bibliographische Detailangaben
1. Verfasser: Hoffmann, Ulrich
Weitere Verfasser: Ulrich, Ralf
Format: Buch
Sprache:Deutsch
Veröffentlicht: Berlin Hochschule für Ökonomie "Bruno Leuschner" 1983
Tags: Tag hinzufügen
Keine Tags, Fügen Sie das erste Tag hinzu!

MARC

LEADER 00000nam a2200000 4500
001 c117117
005 20041019155206.6
041 0 |a ger 
044 |a DE 
245 1 0 |a <Die> Wirtschaft der Entwicklungsländer in Zahlen  |b Statistisches Lehrmaterial  |c Ulrich Hoffmann, Ralf Ulrich 
264 1 |a Berlin  |b Hochschule für Ökonomie "Bruno Leuschner"  |c 1983 
300 |a 164 s. 
100 1 |a Hoffmann, Ulrich 
700 1 |a Ulrich, Ralf